Famous Figures on Cars Quiz Stats

 Plays Quiz Updated Jun 1, 2018

Score 0/15 Timer 05:00
0 Plays Today
% Correct
Elvis Presley
96.2%
Michael Jackson
95.9%
Marilyn Monroe
95%
Barack Obama
93.7%
Bruce Lee
91.5%
The Beatles
88.8%
Jimi Hendrix
87.3%
Kurt Cobain
75.1%
% Correct
Willie Nelson
73.9%
Jim Morrison
67.8%
Janis Joplin
67.2%
Carlos Santana
63%
Diego Maradona
48%
Cristiano Ronaldo
44.1%
Lady Gaga
38.2%

You're not logged in!

Compare scores with friends on all Sporcle quizzes.
OR
Log In

Sporcle TV

Today on Sporcle TV


Watch our educational content, quiz creation guides, and fun videos on Sporcle TV.

Show Comments

Extras

Top Quizzes Today


Score Distribution

Your Account Isn't Verified!

In order to create a playlist on Sporcle, you need to verify the email address you used during registration. Go to your Sporcle Settings to finish the process.

Report this User

Report this user for behavior that violates our Community Guidelines.

Details: